LEADER 00849nam0-22003251i-450 001 990001739040403321 005 20210215141822.0 035 $a000173904 035 $aFED01000173904 035 $a(Aleph)000173904FED01 035 $a000173904 100 $a20030910d1934----km-y0itay50------ba 101 0 $aita 102 $aIT 105 $aa 001yb 200 1 $aDux$fMargherita Sarfatti 205 $aNuova edizione (XV) con 250 illustrazioni e 30 autografi 210 $aVerona$cMondadori$d1934 215 $a320 p.$d25 cm 610 0 $aMussolini, Benito 610 0 $aBiografia 676 $a923.2 700 1$aSarfatti,$bMargherita$075318 801 0$aIT$bUNINA$gRICA$2UNIMARC 901 $aBK 912 $a990001739040403321 952 $a60 923.2 B 1$b33164$fFAGBC 959 $aFAGBC 996 $aDUX$990204 997 $aUNINA